[Event "Edmonton"]
[Site "Edmonton CAN"]
[Date "2002.01.17"]
[Round "3"]
[White "Ludwig, David"]
[Black "Hamblin, Jim"]
[Result "1/2-1/2"]
[WhiteElo "1696"]
[BlackElo "1525"]
[PlyCount "79"]
[EventDate "2002.01.03"]
[EventType "swiss"]
[EventRounds "7"]
[EventCountry "CAN"]
[SourceDate "2003.08.17"]

1. c4 e5 2. Nc3 Nf6 3. Nf3 Nc6 4. d4 exd4 5. Nxd4 Bc5 6. e3 O-O 7. Be2 d5 8.
cxd5 Nxd5 9. Nxc6 bxc6 10. Bd2 Rb8 11. Nxd5 cxd5 12. Rc1 Bd6 13. Bc3 Qg5 14.
Bf3 c6 15. Qd4 Rb6 16. h4 Qh6 17. O-O Re8 18. b4 Be5 19. Qc5 Bxc3 20. Rxc3 Ba6
21. Rd1 Qxh4 22. Rd4 Qe7 23. Qxe7 Rxe7 24. e4 g6 25. exd5 cxd5 26. a3 Rd7 27.
Rxd5 Rxd5 28. Bxd5 Bb5 29. f3 a6 30. Kf2 Rd6 31. Rc5 Kg7 32. Ke3 f5 33. Bc4
Bxc4 34. Rxc4 Kf6 35. Rd4 Ke6 36. Rxd6+ Kxd6 37. Kf4 h6 38. g4 fxg4 39. fxg4
Kd5 40. a4 1/2-1/2

[Event "Edmonton"]
[Site "Edmonton CAN"]
[Date "2002.02.24"]
[Round "4"]
[White "Hamblin, Jim"]
[Black "Stark, Mark"]
[Result "0-1"]
[WhiteElo "1525"]
[BlackElo "1777"]
[PlyCount "38"]
[EventDate "2002.01.03"]
[EventType "swiss"]
[EventRounds "7"]
[EventCountry "CAN"]
[SourceDate "2003.08.17"]

1. e4 c5 2. Nf3 d6 3. d4 cxd4 4. Nxd4 Nf6 5. Nc3 a6 6. Bg5 e6 7. Bc4 Be7 8.
Bxf6 Bxf6 9. O-O Nc6 10. Nb3 O-O 11. Qd2 b5 12. Bd3 Ne5 13. f4 Nc4 14. Qe2 Nxb2
15. e5 Be7 16. Bxh7+ Kxh7 17. Qe4+ Kg8 18. Qxa8 Qb6+ 19. Kh1 Bb7 0-1

[Event "Edmonton"]
[Site "Edmonton CAN"]
[Date "2002.??.??"]
[Round "5"]
[White "Hamblin, Jim"]
[Black "Ludwig, David"]
[Result "1-0"]
[WhiteElo "2100"]
[BlackElo "1700"]
[PlyCount "97"]
[EventDate "2002.01.03"]
[EventType "swiss"]
[EventRounds "7"]
[EventCountry "CAN"]
[SourceDate "2003.08.17"]

1. d4 d5 2. c4 c6 3. cxd5 cxd5 4. Nc3 f5 5. Bf4 e6 6. e3 a6 7. Bd3 Bd6 8. Qa4+
Nc6 9. Nge2 Nf6 10. Rc1 Bxf4 11. Nxf4 O-O 12. b4 Bd7 13. Qb3 Qe7 14. a3 g5 15.
Nfe2 f4 16. Na4 Rad8 17. Nb6 fxe3 18. fxe3 Qd6 19. Nxd7 Qxd7 20. O-O Ng4 21. h3
Nf6 22. Qc2 Qd6 23. Bxa6 Nxb4 24. axb4 Qxa6 25. Ng3 Qd6 26. Rf3 g4 27. hxg4
Nxg4 28. Rcf1 Rxf3 29. Rxf3 Qxb4 30. Qc7 Qe1+ 31. Nf1 Rf8 32. Rxf8+ Kxf8 33.
Qf4+ Ke7 34. Qxg4 b5 35. Qg7+ Kd6 36. Qb7 b4 37. Qb6+ Kd7 38. Qa5 Kd6 39. Qa2
Ke7 40. Qd2 Qb1 41. Kf2 b3 42. Qb4+ Kf6 43. Nd2 Qc2 44. Ke1 b2 45. Ke2 Kf7 46.
Qb5 Ke7 47. Qd3 Qxd3+ 48. Kxd3 Kf6 49. e4 1-0

[Event "Edmonton"]
[Site "Edmonton CAN"]
[Date "2002.02.07"]
[Round "6"]
[White "Hamblin, Jim"]
[Black "Wihnon, Jason"]
[Result "1-0"]
[WhiteElo "1525"]
[BlackElo "1645"]
[PlyCount "45"]
[EventDate "2002.01.03"]
[EventType "swiss"]
[EventRounds "7"]
[EventCountry "CAN"]
[SourceDate "2003.08.17"]

1. e4 e5 2. Nf3 Nc6 3. Bc4 Bc5 4. c3 Nf6 5. d4 exd4 6. cxd4 Bb4+ 7. Nc3 Nxe4 8.
O-O Bxc3 9. d5 Bf6 10. Re1 Ne7 11. Rxe4 d6 12. Bg5 Bxg5 13. Nxg5 h6 14. Qe2 O-O
15. Rxe7 hxg5 16. Re1 Bf5 17. Qh5 b5 18. Bxb5 Rb8 19. Re8 Qf6 20. Rxf8+ Rxf8
21. Qe2 Rb8 22. b3 Kf8 23. Qe8+ 1-0

[Event "Edmonton"]
[Site "Edmonton CAN"]
[Date "2002.??.??"]
[Round "6"]
[White "Stark, Mark"]
[Black "Hamblin, Jim"]
[Result "0-1"]
[WhiteElo "1700"]
[BlackElo "2100"]
[PlyCount "62"]
[EventDate "2002.01.03"]
[EventType "swiss"]
[EventRounds "7"]
[EventCountry "CAN"]
[SourceDate "2003.08.17"]

1. d4 Nf6 2. c4 e6 3. Nf3 c5 4. d5 exd5 5. cxd5 d6 6. Nc3 g6 7. e4 Bg7 8. h3
O-O 9. Bd3 Bd7 10. O-O b5 11. Nxb5 Bxb5 12. Bxb5 Nxe4 13. Qc2 Nf6 14. Bc4 Nbd7
15. Bg5 h6 16. Bh4 Nb6 17. Rad1 Nxc4 18. Qxc4 Rb8 19. b3 Rb4 20. Qa6 Qb6 21.
Qxb6 axb6 22. Bxf6 Bxf6 23. Rfe1 Ra8 24. Re2 b5 25. Rc1 c4 26. bxc4 bxc4 27.
Nh2 c3 28. Ng4 Bg7 29. Ne3 Rb2 30. Rec2 Raxa2 31. Kf1 Bd4 0-1

[Event "Edmonton"]
[Site "Edmonton CAN"]
[Date "2002.??.??"]
[Round "7"]
[White "Hamblin, Jim"]
[Black "Davies, Bob"]
[Result "1-0"]
[WhiteElo "2100"]
[BlackElo "1700"]
[PlyCount "105"]
[EventDate "2002.01.03"]
[EventType "swiss"]
[EventRounds "7"]
[EventCountry "CAN"]
[SourceDate "2003.08.17"]

1. d4 d5 2. c4 e6 3. Nc3 Nf6 4. Nf3 Be7 5. Bf4 O-O 6. Qc2 Nbd7 7. e3 c6 8.
O-O-O dxc4 9. Bxc4 Nd5 10. g4 Nb4 11. Qb1 b5 12. Be2 Bb7 13. h4 Nd5 14. h5 Nxf4
15. exf4 Qc7 16. Ne5 b4 17. Ne4 c5 18. Qc2 Nf6 19. Nxf6+ gxf6 20. Rhg1 fxe5 21.
dxe5 Rfd8 22. Bd3 h6 23. g5 hxg5 24. Rg3 f6 25. Rdg1 f5 26. Bxf5 exf5 27. Qxf5
Kh8 28. Qg6 Bf6 29. Qxf6+ Qg7 30. Qxg5 Qxg5 31. Rxg5 Rg8 32. Rg6 Be4 33. Rh6+
Bh7 34. Re1 Kg7 35. Rd6 Rgd8 36. Red1 Rxd6 37. Rxd6 Be4 38. Kd2 Kf7 39. f5 Ke7
40. f6+ Kf7 41. Ke3 Bf5 42. Kf4 Be6 43. Ra6 c4 44. Ke4 c3 45. bxc3 bxc3 46. Rc6
Bxa2 47. Rxc3 a5 48. Rc7+ Kf8 49. h6 a4 50. h7 Bb1+ 51. Kf4 Bxh7 52. Rxh7 a3
53. Rh8+ 1-0

[Event "Edmonton"]
[Site "Edmonton CAN"]
[Date "2002.02.14"]
[Round "7"]
[White "Kazakevich, Anastasia"]
[Black "Hughey, Micah"]
[Result "1/2-1/2"]
[WhiteElo "1687"]
[BlackElo "2162"]
[PlyCount "108"]
[EventDate "2002.01.03"]
[EventType "swiss"]
[EventRounds "7"]
[EventCountry "CAN"]
[SourceDate "2003.08.17"]

1. d4 d6 2. c4 f5 3. Nc3 Nf6 4. Nf3 g6 5. g3 Bg7 6. Bg2 O-O 7. O-O Nbd7 8. Bg5
h6 9. Bd2 e5 10. dxe5 Nxe5 11. Nxe5 dxe5 12. Qc1 Kh7 13. Rd1 Qe7 14. Qc2 c6 15.
b3 Be6 16. Bc1 e4 17. e3 Nd7 18. Bb2 Ne5 19. Ne2 Bf7 20. Kh1 g5 21. Nd4 Bh5 22.
Rf1 Kg8 23. c5 Rad8 24. b4 Nd3 25. Bc3 Ne5 26. a3 Nf3 27. Bxf3 Bxf3+ 28. Nxf3
exf3 29. Bxg7 Kxg7 30. Rad1 Qe4 31. Qc3+ Kf7 32. Qb3+ Qe6 33. Qc2 Ke7 34. Rfe1
h5 35. Rg1 g4 36. h4 Rxd1 37. Rxd1 Rd8 38. Rxd8 Kxd8 39. Kg1 Qe4 40. Qxe4 fxe4
41. Kf1 Ke7 42. Ke1 Ke6 43. Kd2 Kd5 44. Kc3 b6 45. cxb6 axb6 46. a4 c5 47. bxc5
Kxc5 48. Kb3 b5 49. a5 b4 50. a6 Kb6 51. Kxb4 Kxa6 52. Kc4 Ka5 53. Kc5 Ka4 54.
Kc4 Ka3 1/2-1/2

[Event "Edmonton CC Spring op"]
[Site "Edmonton CAN"]
[Date "2002.03.07"]
[Round "1"]
[White "Ottosen, David"]
[Black "Palcic, Branko"]
[Result "1-0"]
[WhiteElo "2050"]
[BlackElo "1600"]
[PlyCount "49"]
[EventDate "2002.03.07"]
[EventType "swiss"]
[EventRounds "4"]
[EventCountry "CAN"]

1. e4 c5 2. Nf3 Nc6 3. d4 cxd4 4. Nxd4 d6 5. Nc3 Nf6 6. Bc4 e6 7. Bb3 Be7 8.
Be3 Nxd4 9. Bxd4 e5 10. Be3 Be6 11. Ba4+ Nd7 12. Nd5 Qa5+ 13. Nc3 a6 14. Bxd7+
Bxd7 15. O-O Bc6 16. Qg4 h5 17. Qxg7 O-O-O 18. Qxf7 Bh4 19. Qc4 Kb8 20. b4 Qc7
21. a4 Qd7 22. b5 Rhg8 23. bxc6 Qg4 24. c7+ Ka8 25. cxd8=Q+ 1-0

[Event "Edmonton CC Spring op"]
[Site "Edmonton CAN"]
[Date "2002.03.14"]
[Round "2"]
[White "Day, Jonathan"]
[Black "Ottosen, David"]
[Result "0-1"]
[WhiteElo "1800"]
[BlackElo "2050"]
[PlyCount "60"]
[EventDate "2002.03.07"]
[EventType "swiss"]
[EventRounds "4"]
[EventCountry "CAN"]

1. d4 d5 2. c4 c6 3. Nf3 e6 4. a3 dxc4 5. Qc2 b5 6. Bd2 Bb7 7. Bc3 Nf6 8. e4
Nbd7 9. Nbd2 Qc7 10. Be2 c5 11. dxc5 Bxc5 12. Nd4 Qb6 13. N2f3 Bxe4 14. Qd2 e5
15. Ba5 Qa6 16. Nxb5 Qxb5 17. b4 Bb6 18. Bxb6 axb6 19. O-O Qd5 20. Qc3 Bd3 21.
Bxd3 Qxd3 22. Qxd3 cxd3 23. Rfc1 O-O 24. Rc3 e4 25. Nd4 Nd5 26. Rc6 Nxb4 27.
Rd6 Nc5 28. Rxb6 Nc2 29. Nxc2 dxc2 30. Rb2 c1=Q+ 0-1

[Event "Edmonton CC Spring op"]
[Site "Edmonton CAN"]
[Date "2002.03.14"]
[Round "2"]
[White "Hughey, Micah"]
[Black "Brodmann, David"]
[Result "1-0"]
[WhiteElo "2166"]
[BlackElo "1780"]
[PlyCount "57"]
[EventDate "2002.03.07"]
[EventType "swiss"]
[EventRounds "4"]
[EventCountry "CAN"]

1. e4 c5 2. Nf3 Nc6 3. c3 d5 4. exd5 Qxd5 5. d4 Bg4 6. Be2 O-O-O 7. c4 Qh5 8.
d5 Ne5 9. Nxe5 Qxe5 10. Be3 Bxe2 11. Qxe2 e6 12. Nc3 Nf6 13. O-O-O exd5 14.
cxd5 Nxd5 15. Qd2 Be7 16. Nxd5 Bf6 17. f4 Qe6 18. Bxc5 Qc6 19. Kb1 Kb8 20. Qa5
b6 21. Nxb6 Qe4+ 22. Ka1 Bxb2+ 23. Kxb2 Qe2+ 24. Kc1 axb6 25. Qxb6+ Kc8 26.
Qc6+ Kb8 27. Bd6+ Ka7 28. Qc5+ Ka6 29. Rd2 1-0

[Event "Edmonton CC Spring op"]
[Site "Edmonton CAN"]
[Date "2002.03.21"]
[Round "3"]
[White "Ottosen, David"]
[Black "Hughey, Micah"]
[Result "0-1"]
[WhiteElo "2050"]
[BlackElo "2100"]
[PlyCount "38"]
[EventDate "2002.03.07"]
[EventType "swiss"]
[EventRounds "4"]
[EventCountry "CAN"]

1. e4 e5 2. Nc3 Bc5 3. Nf3 d6 4. Bc4 Nf6 5. O-O Nc6 6. h3 Qe7 7. d3 Na5 8. Bg5
c6 9. a3 Nxc4 10. dxc4 h6 11. Bh4 g5 12. Bg3 g4 13. hxg4 Bxg4 14. Qd3 Rg8 15.
b4 Bb6 16. c5 dxc5 17. Nxe5 cxb4 18. axb4 Rd8 19. Qc4 Be6 0-1

[Event "Edmonton CC Spring op"]
[Site "Edmonton CAN"]
[Date "2002.03.28"]
[Round "4"]
[White "Hughey, Micah"]
[Black "McIntosh, Danny"]
[Result "1-0"]
[WhiteElo "2083"]
[BlackElo "1651"]
[PlyCount "29"]
[EventDate "2002.03.07"]
[EventType "swiss"]
[EventRounds "4"]
[EventCountry "CAN"]

1. Nf3 g6 2. e4 d5 3. exd5 Qxd5 4. Nc3 Qa5 5. d4 Bg7 6. Bc4 Nh6 7. Bd2 c6 8.
Qe2 Bg4 9. Bxh6 Bxh6 10. Bxf7+ Kd8 11. Be6 Qb4 12. Bxg4 Qxb2 13. O-O Qxc3 14.
Qe6 Ke8 15. Rfe1 1-0

[Event "Edmonton CC-ch"]
[Site "Edmonton CAN"]
[Date "2002.??.??"]
[Round "1"]
[White "Ottosen, David"]
[Black "Stark, Mark"]
[Result "1/2-1/2"]
[WhiteElo "2100"]
[BlackElo "1700"]
[PlyCount "68"]
[EventDate "2002.01.10"]
[EventType "swiss"]
[EventRounds "8"]
[EventCountry "CAN"]
[SourceDate "2003.08.17"]

1. d4 Nf6 2. c4 e6 3. Nc3 Bb4 4. Qc2 O-O 5. e3 d5 6. Nf3 b6 7. cxd5 exd5 8. Bd3
Ba6 9. Bxa6 Nxa6 10. Qa4 Bxc3+ 11. bxc3 Nb8 12. Ba3 Re8 13. Ne5 Nfd7 14. Nd3 c6
15. O-O b5 16. Qc2 Nb6 17. Ne5 f6 18. Nf3 Nc4 19. Bc1 Nd7 20. Qf5 Nd6 21. Qd3
Nb6 22. Ba3 Nbc4 23. Bxd6 Nxd6 24. Nd2 Re7 25. Rae1 Qa5 26. g4 Rae8 27. h4 Qc7
28. f3 Nc4 29. Nxc4 Qg3+ 30. Kh1 Qxh4+ 31. Kg2 bxc4 32. Qd2 Qg5 33. Kf2 Qh4+
34. Kg2 Qg5 1/2-1/2

[Event "Edmonton CC-ch"]
[Site "Edmonton CAN"]
[Date "2002.02.??"]
[Round "1.1"]
[White "Grumic, Sasa"]
[Black "Beebe, Greg"]
[Result "1-0"]
[WhiteElo "2210"]
[BlackElo "1720"]
[PlyCount "31"]
[EventDate "2002.01.10"]
[EventType "swiss"]
[EventRounds "8"]
[EventCountry "CAN"]
[SourceDate "2003.08.17"]

1. e4 e5 2. Nf3 Nf6 3. d4 exd4 4. e5 Nd5 5. Qxd4 c6 6. Bc4 Qb6 7. Qe4 Bc5 8.
O-O Ne7 9. Ng5 f6 10. Nf7 f5 11. Qh4 Rf8 12. Nd6+ Bxd6 13. exd6 Rf6 14. Re1 h6
15. Rxe7+ Kf8 16. Qxf6+ 1-0

[Event "Edmonton CC-ch"]
[Site "Edmonton CAN"]
[Date "2002.02.??"]
[Round "1.1"]
[White "Tassone, Adam"]
[Black "Quiring, John"]
[Result "1-0"]
[WhiteElo "1775"]
[BlackElo "1912"]
[PlyCount "48"]
[EventDate "2002.01.10"]
[EventType "swiss"]
[EventRounds "8"]
[EventCountry "CAN"]
[SourceDate "2003.08.17"]

1. e4 e5 2. Nf3 Nc6 3. d4 exd4 4. Nxd4 Qf6 5. Nxc6 Qxc6 6. Nc3 Bb4 7. Bd3 Bxc3+
8. bxc3 Qxc3+ 9. Bd2 Qf6 10. O-O Ne7 11. f4 O-O 12. Rf3 d5 13. Qe1 dxe4 14.
Bxe4 Bf5 15. Bc3 Qb6+ 16. Kh1 Bxe4 17. Qxe4 Rfe8 18. Qe5 f6 19. Qh5 Rad8 20.
Rh3 h6 21. Rg3 Qf2 22. Rg4 Qxc2 23. Rg3 Nf5 24. Rg6 Qxc3 1-0

[Event "Edmonton CC-ch"]
[Site "Edmonton CAN"]
[Date "2002.01.10"]
[Round "1.2"]
[White "Quiring, John"]
[Black "Tassone, Adam"]
[Result "0-1"]
[WhiteElo "1890"]
[BlackElo "1780"]
[PlyCount "52"]
[EventDate "2002.01.10"]
[EventType "swiss"]
[EventRounds "8"]
[EventCountry "CAN"]

1. e4 c5 2. Nf3 Nc6 3. d4 cxd4 4. Nxd4 Nf6 5. Nc3 e5 6. Ndb5 d6 7. Bg5 a6 8.
Na3 b5 9. Nd5 Be7 10. c3 Nxe4 11. Nxe7 Nxe7 12. Bh4 Bb7 13. Qg4 O-O 14. Rd1 Qc7
15. Nc2 Ng6 16. Ne3 f5 17. Nxf5 Nxh4 18. Nxh4 Nxf2 19. Qe6+ Qf7 20. Rxd6 Nxh1
21. Nf3 Rae8 22. Qh3 e4 23. Nd2 Qf2+ 24. Kd1 Qxf1+ 25. Nxf1 Nf2+ 26. Ke2 Nxh3
0-1

[Event "Edmonton CC-ch"]
[Site "Edmonton CAN"]
[Date "2002.01.??"]
[Round "1.2"]
[White "Stark, Mark"]
[Black "Ottosen, David"]
[Result "0-1"]
[WhiteElo "1799"]
[BlackElo "2053"]
[PlyCount "52"]
[EventDate "2002.01.10"]
[EventType "swiss"]
[EventRounds "8"]
[EventCountry "CAN"]
[SourceDate "2003.08.17"]

1. d4 d5 2. c4 dxc4 3. Nf3 Nf6 4. e3 e6 5. Bxc4 c5 6. O-O a6 7. Bb3 b5 8. a4
Bb7 9. Qe2 Qb6 10. axb5 axb5 11. Rxa8 Bxa8 12. dxc5 Bxc5 13. Nc3 O-O 14. Qxb5
Qc7 15. Bd1 Nbd7 16. h3 Ba7 17. Be2 Rc8 18. Na4 Bb8 19. g3 Ne4 20. Bd2 Nxg3 21.
Rc1 Bc6 22. fxg3 Qxg3+ 23. Kf1 Bxb5 24. Rxc8+ Nf8 25. Bxb5 Qxf3+ 26. Ke1 Bg3#
0-1

[Event "Edmonton CC-ch"]
[Site "Edmonton CAN"]
[Date "2002.01.17"]
[Round "2.1"]
[White "Ottosen, David"]
[Black "Hughey, Micah"]
[Result "1-0"]
[WhiteElo "2053"]
[BlackElo "2166"]
[PlyCount "61"]
[EventDate "2002.01.10"]
[EventType "swiss"]
[EventRounds "8"]
[EventCountry "CAN"]

1. e4 e5 2. Nf3 Nc6 3. Bb5 a6 4. Ba4 Nf6 5. O-O Be7 6. Re1 b5 7. Bb3 Bb7 8. c3
d5 9. exd5 Nxd5 10. Nxe5 Nxe5 11. Rxe5 Nf4 12. Bxf7+ Kxf7 13. Rf5+ Bf6 14. Rxf4
Qd3 15. Qf1 Rad8 16. Qxd3 Rxd3 17. Na3 Re8 18. Nc2 h5 19. h4 Kg6 20. Kf1 Be5
21. Ne1 Rdd8 22. d4 Bxf4 23. Bxf4 Re4 24. Bxc7 Rde8 25. Nf3 Kf5 26. Re1 Rxe1+
27. Nxe1 b4 28. Nc2 bxc3 29. bxc3 Ke4 30. Ke2 Bd5 31. Ne3 1-0

[Event "Edmonton CC-ch"]
[Site "Edmonton CAN"]
[Date "2002.01.31"]
[Round "3.1"]
[White "Reeve, Jeff"]
[Black "Hughey, Micah"]
[Result "1-0"]
[WhiteElo "2353"]
[BlackElo "2166"]
[PlyCount "91"]
[EventDate "2002.01.10"]
[EventType "swiss"]
[EventRounds "8"]
[EventCountry "CAN"]

1. e4 e5 2. Nf3 Nc6 3. Bb5 a6 4. Bxc6 dxc6 5. O-O f6 6. d4 exd4 7. Nxd4 c5 8.
Nb3 Qxd1 9. Rxd1 Bg4 10. f3 Be6 11. Bf4 c4 12. Nd4 O-O-O 13. Nc3 Bf7 14. Nf5
Rxd1+ 15. Rxd1 g6 16. Ne3 Bc5 17. Kf2 Ne7 18. Ke2 f5 19. exf5 Re8 20. f6 Ng8
21. Ne4 Bxe3 22. Bxe3 Re6 23. Kf2 h6 24. Bd4 g5 25. g4 Kd8 26. h4 gxh4 27. g5
Ke8 28. Nc5 hxg5 29. Nxe6 Bxe6 30. Rg1 Kf7 31. Rxg5 Nxf6 32. Bxf6 Kxf6 33. Rc5
c6 34. Rh5 h3 35. c3 Bf5 36. Kg3 a5 37. Rxf5+ Kxf5 38. Kxh3 Kf4 39. Kg2 b5 40.
Kf2 b4 41. Ke2 c5 42. Kf2 a4 43. a3 bxc3 44. bxc3 Kf5 45. Ke3 Ke5 46. f4+ 1-0

[Event "Edmonton CC-ch"]
[Site "Edmonton CAN"]
[Date "2002.??.??"]
[Round "4"]
[White "Hughey, Micah"]
[Black "Ottosen, David"]
[Result "1-0"]
[WhiteElo "2162"]
[BlackElo "2085"]
[PlyCount "75"]
[EventDate "2002.01.10"]
[EventType "swiss"]
[EventRounds "8"]
[EventCountry "CAN"]
[SourceDate "2003.08.17"]

1. d4 d5 2. e4 e6 3. Nc3 dxe4 4. f3 e3 5. Bxe3 Nf6 6. Bd3 Bb4 7. Nge2 Nd5 8.
Qd2 c5 9. dxc5 Qa5 10. O-O-O Nc6 11. a3 Nxe3 12. Qxe3 Qxc5 13. Qe4 Bxc3 14.
Nxc3 f5 15. Qh4 O-O 16. g4 Ne5 17. gxf5 Nxd3+ 18. Rxd3 exf5 19. Re1 Qc6 20. Re7
Be6 21. Re3 Bf7 22. Qf4 Rad8 23. Qxf5 Qh6 24. Qe5 Rfe8 25. Nd5 Rf8 26. Nc7 Qh4
27. Ne6 Bxe6 28. Qxe6+ Kh8 29. Qe5 Rg8 30. Kb1 Rd1+ 31. Ka2 Qc4+ 32. Rb3 Qxc2
33. Rbxb7 Qb1+ 34. Kb3 Qd3+ 35. Ka4 Qa6+ 36. Kb4 Rg1 37. Qe6 Qd3 38. Qxg8+ 1-0

[Event "Edmonton CC-ch"]
[Site "Edmonton CAN"]
[Date "2002.??.??"]
[Round "4.1"]
[White "Gardner, Robert"]
[Black "Reeve, Jeff"]
[Result "0-1"]
[WhiteElo "2250"]
[BlackElo "2353"]
[PlyCount "72"]
[EventDate "2002.01.10"]
[EventType "swiss"]
[EventRounds "8"]
[EventCountry "CAN"]
[SourceDate "2003.08.17"]

1. e4 c5 2. c3 Nf6 3. e5 Nd5 4. d4 cxd4 5. Nf3 e6 6. cxd4 b6 7. Bd3 Bb4+ 8. Bd2
Bb7 9. O-O Nc6 10. Nc3 Nxc3 11. bxc3 Be7 12. Re1 d5 13. exd6 Qxd6 14. Ng5 Bxg5
15. Bxg5 O-O 16. Re3 Qd5 17. Qg4 f5 18. Qh3 g6 19. Bh6 Rf7 20. Rae1 Re8 21. Bb1
Bc8 22. R3e2 Rfe7 23. a3 Ba6 24. Re3 e5 25. Bg5 Re6 26. Bxf5 gxf5 27. Qxf5 Rf8
28. Qg4 Rg6 29. Qh4 exd4 30. Rh3 h6 31. f4 d3 32. Qh5 Qf5 33. g4 Rxg5 34. Qxg5+
Qxg5 35. fxg5 d2 36. Rd1 Rf1+ 0-1

[Event "Edmonton CC-ch"]
[Site "Edmonton CAN"]
[Date "2002.02.21"]
[Round "4.2"]
[White "Reeve, Jeff"]
[Black "Gardner, Robert"]
[Result "1/2-1/2"]
[WhiteElo "2327"]
[BlackElo "2267"]
[PlyCount "60"]
[EventDate "2002.01.10"]
[EventType "swiss"]
[EventRounds "8"]
[EventCountry "CAN"]

1. e4 d5 2. exd5 Nf6 3. d4 Bg4 4. Be2 Bxe2 5. Qxe2 Qxd5 6. Nf3 Nc6 7. c4 Qf5 8.
O-O O-O-O 9. Be3 e6 10. Nc3 h6 11. Rac1 g5 12. Rfd1 Bg7 13. Ne1 Ng4 14. Nc2
Nxe3 15. fxe3 Qg6 16. b4 f5 17. b5 Ne7 18. c5 f4 19. b6 axb6 20. cxb6 fxe3 21.
bxc7 Kxc7 22. Nb4 Kb8 23. Na6+ Ka7 24. Nb5+ Kxa6 25. Nc7+ Ka7 26. Qb5 Kb8 27.
Na6+ Ka7 28. Nc7 Kb8 29. Na6+ Ka7 30. Nc7 Kb8 1/2-1/2

[Event "Edmonton Summit"]
[Site "Edmonton CAN"]
[Date "2002.12.08"]
[Round "1"]
[White "Li, Zhichao"]
[Black "Reeve, Jeff"]
[Result "0-1"]
[WhiteElo "2208"]
[BlackElo "2374"]
[PlyCount "140"]
[EventDate "2002.12.08"]
[EventType "tourn"]
[EventRounds "6"]
[EventCountry "CAN"]

1. e4 c5 2. Nf3 d6 3. Bc4 Nf6 4. Nc3 a6 5. a4 Nc6 6. O-O Bg4 7. h3 Bxf3 8. Qxf3
Ne5 9. Qe2 Nxc4 10. Qxc4 e6 11. b3 Be7 12. Bb2 O-O 13. Qe2 Nd7 14. Nd1 Bf6 15.
Bxf6 Qxf6 16. Ne3 Ne5 17. Nc4 Rad8 18. Nxe5 dxe5 19. a5 Rd4 20. Rfb1 Rfd8 21.
d3 R8d7 22. Qe1 Qd8 23. Qc3 Qc7 24. Ra4 Rb4 25. Rxb4 cxb4 26. Qxc7 Rxc7 27. Rb2
Kf8 28. Kf1 Ke7 29. Ke2 Kd6 30. Ra2 Kc5 31. Ke3 Kb5 32. f4 exf4+ 33. Kxf4 Rc5
34. e5 f6 35. exf6 gxf6 36. Ke3 h5 37. g4 hxg4 38. hxg4 Rc8 39. Kf4 Rh8 40. Ra1
Rh2 41. Re1 e5+ 42. Kf5 Rf2+ 43. Kg6 Kxa5 44. g5 fxg5 45. Rxe5+ b5 46. d4 Rxc2
47. d5 Rc3 48. d6 Rd3 49. Kxg5 Rxd6 50. Re1 Rd3 51. Rb1 Kb6 52. Kf4 a5 53. Ke4
Rc3 54. Kd4 Rh3 55. Kd5 Rh5+ 56. Kd6 Rh4 57. Ra1 Rd4+ 58. Ke5 Rd3 59. Rb1 Kc5
60. Ke4 Rc3 61. Rh1 Rxb3 62. Rh8 a4 63. Rc8+ Kb6 64. Rb8+ Kc6 65. Rc8+ Kb7 66.
Rc5 Kb6 67. Rc8 Rc3 68. Rb8+ Kc6 69. Kd4 Rc4+ 70. Kd3 b3 0-1

[Event "Edmonton Summit"]
[Site "Edmonton CAN"]
[Date "2002.12.08"]
[Round "2"]
[White "Li, Zhichao"]
[Black "Veneracion, Paolo"]
[Result "1-0"]
[WhiteElo "2208"]
[BlackElo "2140"]
[PlyCount "57"]
[EventDate "2002.12.08"]
[EventType "tourn"]
[EventRounds "6"]
[EventCountry "CAN"]

1. e4 c5 2. Nf3 e6 3. Qe2 Nc6 4. g3 d6 5. Bg2 Qc7 6. O-O g6 7. Nc3 Bg7 8. d3 a6
9. Be3 Nge7 10. Qd2 Nd4 11. Bh6 Bxh6 12. Qxh6 Nxc2 13. Ng5 f6 14. Qg7 Rg8 15.
Qf7+ Kd8 16. Nxh7 Nxa1 17. Rxa1 f5 18. Nf6 Rh8 19. Qg7 Re8 20. Nxe8 Kxe8 21.
exf5 gxf5 22. Re1 Qd8 23. Qf6 Ng8 24. Qg6+ Kf8 25. Nd5 Ra7 26. Nf4 e5 27. Nh5
b5 28. Bd5 Ne7 29. Qf7# 1-0

[Event "Edmonton Summit"]
[Site "Edmonton CAN"]
[Date "2002.12.08"]
[Round "2"]
[White "Reeve, Jeff"]
[Black "Gardner, Robert"]
[Result "1-0"]
[WhiteElo "2374"]
[BlackElo "2263"]
[PlyCount "89"]
[EventDate "2002.12.08"]
[EventType "tourn"]
[EventRounds "6"]
[EventCountry "CAN"]

1. e4 c5 2. Nf3 d6 3. Bb5+ Nd7 4. d4 Ngf6 5. Nc3 a6 6. Bxd7+ Nxd7 7. O-O g6 8.
dxc5 Nxc5 9. Qd4 f6 10. Be3 Bg7 11. Qd2 b6 12. Bh6 O-O 13. Rfe1 Bb7 14. Rad1
Rc8 15. Bxg7 Kxg7 16. Nd4 e5 17. Nf3 Rf7 18. Re3 Rd7 19. h4 b5 20. a3 Qb6 21.
Nd5 Bxd5 22. exd5 a5 23. h5 Rdc7 24. hxg6 hxg6 25. Nh4 Rh8 26. g3 f5 27. Qe2
Kf6 28. Re1 g5 29. Rxe5 gxh4 30. Rxf5+ Kxf5 31. Qf3+ Kg6 32. Qg4+ Kf7 33. Qf5+
Kg7 34. Qg5+ Kf7 35. Re3 Rf8 36. gxh4 Nb3 37. Re6 Qxf2+ 38. Kxf2 Rxc2+ 39. Kg3
Rg8 40. Rf6+ Ke7 41. Rg6+ Kd7 42. Rxg8 Kc7 43. Qd8+ Kb7 44. Qb8+ Ka6 45. Rg7
1-0

[Event "Edmonton Summit"]
[Site "Edmonton CAN"]
[Date "2002.12.21"]
[Round "3"]
[White "Gardner, Robert"]
[Black "Li, Zhichao"]
[Result "0-1"]
[WhiteElo "2263"]
[BlackElo "2208"]
[PlyCount "82"]
[EventDate "2002.12.08"]
[EventType "tourn"]
[EventRounds "6"]
[EventCountry "CAN"]

1. e4 e5 2. Nf3 Nc6 3. d4 exd4 4. Nxd4 Nxd4 5. Qxd4 Qf6 6. Qxf6 Nxf6 7. e5 Ng4
8. Bf4 Bc5 9. Bg3 Bd4 10. h3 Bxb2 11. hxg4 Bxa1 12. c3 d5 13. exd6 cxd6 14. Kd2
d5 15. Na3 Bxc3+ 16. Kxc3 Bxg4 17. Bb5+ Kf8 18. Kd4 h5 19. f3 Be6 20. Be2 Rc8
21. f4 g6 22. Bh4 Kg7 23. Ke5 Rc3 24. Bf6+ Kg8 25. Bxh8 Kxh8 26. Kf6 Rxa3 27.
g4 Rxa2 28. gxh5 g5 29. Bd3 Rd2 30. Bg6 gxf4 31. Rf1 Rh2 32. Rxf4 fxg6 33. Kxe6
Rxh5 34. Rf8+ Kg7 35. Rf7+ Kh6 36. Rxb7 a5 37. Ra7 d4 38. Rd7 Rh4 39. Ra7 d3
40. Rd7 Rh3 41. Rd4 Kg5 0-1

[Event "Edmonton Summit"]
[Site "Edmonton CAN"]
[Date "2002.12.21"]
[Round "3"]
[White "Veneracion, Paolo"]
[Black "Reeve, Jeff"]
[Result "1/2-1/2"]
[WhiteElo "2140"]
[BlackElo "2374"]
[PlyCount "78"]
[EventDate "2002.12.08"]
[EventType "tourn"]
[EventRounds "6"]
[EventCountry "CAN"]

1. e4 c5 2. Nf3 d6 3. d4 cxd4 4. Nxd4 Nf6 5. Nc3 g6 6. Be3 Bg7 7. f3 Nc6 8. Qd2
O-O 9. O-O-O d5 10. Nxc6 bxc6 11. exd5 Nxd5 12. Nxd5 cxd5 13. Qxd5 Qc7 14. Qc5
Qb8 15. Qa3 Be6 16. Kb1 Qe5 17. Bd4 Rfd8 18. c3 Qf4 19. Bd3 Bxd4 20. cxd4 Rxd4
21. Be4 Rad8 22. Rxd4 Rxd4 23. Qxe7 a5 24. h4 Qe5 25. Qg5 Qd6 26. Rc1 a4 27.
Qc5 Qxc5 28. Rxc5 Kg7 29. g4 Bxg4 30. Rd5 Rxd5 31. Bxd5 Bd7 32. f4 Kf6 33. Be4
Ke6 34. Kc2 Kd6 35. Kc3 Kc5 36. b4+ axb3 37. axb3 f6 38. b4+ Kb5 39. Bd3+ Ka4
1/2-1/2